000 00670nam a22001577a 4500
020 _a978-0-3409-7773-6
082 _a100
_bPAU/L
100 _aPAUSCH/RANDY
245 _aTHE LAST LECTURE:LESSONS IN LIVING
246 _aTHE LAST LECTURE:LESSONS IN LIVING
_bTHE LAST LECTURE:LESSONS IN LIVING
260 _aUK
_bHODDER & STOUGHTOM
_c2012
300 _a207
520 _a1-Sentence-Summary: The Last Lecture is a college professor's final message to the world before his impending death of cancer at a relatively young age, offering meaningful life advice, significant words of wisdom, and a great deal of optimism and hope for humanity.
650 _aSTORY
942 _cBK
999 _c6904
_d6904